Znárodnění 1945

Salvato in:
Dettagli Bibliografici
Natura: Libro
Lingua:ceco
Pubblicazione: Praha Státní ústřední archiv 1982
Tags: Aggiungi Tag
Nessun Tag, puoi essere il primo ad aggiungerne!!

MARC

LEADER 00000nam a2200000 4500
001 c113890
005 20041019155157.0
041 0 |a cze 
044 |a CZ 
245 1 0 |a Znárodnění 1945 
264 1 |a Praha  |b Státní ústřední archiv  |c 1982 
300 |a 120, 220 s.